LEADER 01005nam a22002531i 4500 001 991004078279707536 005 20031002154106.0 008 031111s1971 sz |||||||||||||||||fre 035 $ab12516703-39ule_inst 035 $aARCHE-054997$9ExL 040 $aDip.to Lingue$bita$cA.t.i. Arché s.c.r.l. Pandora Sicilia s.r.l. 082 04$a842.5 100 1 $aRiccoboni, Francesco$0192956 245 12$aL'art du théâtre :$bsuivi d'une lettre de M. Riccoboni fils a M. au sujet de l'art du théâtre /$cFrançois Riccoboni 260 $aGeneve :$bSlatkine Reprints,$c1971 300 $a[x], 104 p. ;$c22 cm 500 $aReimpre. de l'ed.: Paris : Simon, 1750 650 4$aTeatro francese$ySec. 18. 907 $a.b12516703$b02-04-14$c13-11-03 912 $a991004078279707536 945 $aLE012 842.5 RIO$g1$i2012000128798$lle012$o-$pE0.00$q-$rl$s- $t0$u1$v0$w1$x0$y.i12955942$z13-11-03 996 $aArt du théâtre$9184122 997 $aUNISALENTO 998 $ale012$b13-11-03$cm$da $e-$ffre$gsz $h2$i1 LEADER 02405oas 2200889 a 450 001 9910154495603321 005 20251106213014.0 011 $a2213-4808 035 $a(OCoLC)1101019204 035 $a(CONSER) 2020207425 035 $a(CKB)2670000000273262 035 $a(EXLCZ)992670000000273262 100 $a20130206a20139999 uy a 101 0 $aeng 135 $aurmn||||||||| 181 $ctxt$2rdacontent 182 $cc$2rdamedia 183 $acr$2rdacarrier 200 00$aMultisensory research 210 $aLeiden ;$aBoston $cBrill$d2013- 215 $aOnline resource 300 $aRefereed/Peer-reviewed 300 $a"A scientific journal covering all aspects of multisensory science." 311 08$a2213-4794 531 10$aMultisensory Res 531 10$aMultisens Res 606 $aSpace perception$vPeriodicals 606 $aVisual perception$vPeriodicals 606 $aVision$vPeriodicals 606 $aSensation$xphysiology 606 $aCognition$xphysiology 606 $aPerception$xphysiology 606 $aPerception spatiale$vPe?riodiques 606 $aPerception visuelle$vPe?riodiques 606 $aVision$vPe?riodiques 606 $aSpace perception$2fast$3(OCoLC)fst01127772 606 $aVision$2fast$3(OCoLC)fst01167852 606 $aVisual perception$2fast$3(OCoLC)fst01168049 608 $aFulltext. 608 $aInternet Resources. 608 $aPeriodicals. 608 $aPeriodicals.$2fast 615 0$aSpace perception 615 0$aVisual perception 615 0$aVision 615 12$aSensation$xphysiology. 615 22$aCognition$xphysiology. 615 22$aPerception$xphysiology. 615 6$aPerception spatiale 615 6$aPerception visuelle 615 6$aVision 615 7$aSpace perception. 615 7$aVision. 615 7$aVisual perception. 676 $a150 712 02$aBrill Academic Publishers. 801 0$bCASUM 801 1$bCASUM 801 2$bRDF 801 2$bOCLCO 801 2$bOCLCA 801 2$bOCLCQ 801 2$bOCLCO 801 2$bDLC 801 2$bLGG 801 2$bS2H 801 2$bOCLCO 801 2$bEUX 801 2$bOCLCF 801 2$bWT2 801 2$bDKU 801 2$bOCLCL 801 2$bOCLCQ 906 $aJOURNAL 912 $a9910154495603321 996 $aMultisensory research$92188731 997 $aUNINA